000 01463nmc a2200505 a 4500
003 AR-BaBNM
005 20251128205816.0
008 208019s1996 ||||||||||||||000 | spa||
020 _a84-206-2836-0
040 _cAR-BaBNM
100 1 _aGordillo, María Victoria
245 1 0 _aOrientación y comunidad
_bla responsabilidad social de la orientación
260 _aMadrid
_bAlianza Editorial
_c1996
300 0 _a279 p.
_btablas, gráfs.
490 0 _aAlianza Universidad
_vv. 836
500 0 _aAnexo: p. 263-264
500 0 _aIndice de tablas y figuras: p. 279
504 _aBibliografía: p. 265-277
600 1 4 _aRawls, John
600 1 4 _aDewey, John
600 1 4 _aTocqueville, Alexis de
650 4 _aRESPONSABILIDAD SOCIAL
650 4 _aFUNCIONES DE LA ORIENTACION
650 4 _aSERVICIOS DE ORIENTACION
650 4 _aEVALUACION
650 4 _aPROGRAMAS DE ORIENTACION
650 4 _aPEDAGOGIA
650 4 _aORIENTACION ESCOLAR
650 4 _aPROFESORES-TUTORES
650 4 _aPSICOLOGIA DEL ADOLESCENTE
650 4 _aROL DEL DOCENTE
650 4 _aENTREVISTAS
650 4 _aRELACION ALUMNO-DOCENTE
650 4 _aRELACION PADRES-DOCENTE
650 4 _aEDUCACION MORAL
650 4 _aAFECTIVIDAD
650 4 _aHABITO
650 4 _aVOLUNTAD
650 4 _aCOMUNICACION DE MASAS
650 4 _aCOMUNIDADES
653 0 _aORIENTACION EDUCATIVA
653 0 _aPREVENCION DE ADICCIONES
942 _cBK
998 _carturo
999 _c12889
_d12889